God help me--I'm a parent! (Record no. 14769)

000 -LEADER
fixed length control field 00629nam a2200217 a 4500
001 - CONTROL NUMBER
control field :::00012603$&:&@@
003 - CONTROL NUMBER IDENTIFIER
control field OkBaRHE
005 - DATE AND TIME OF LATEST TRANSACTION
control field 20000607103420.0
008 - FIXED-LENGTH DATA ELEMENTS--GENERAL INFORMATION
fixed length control field s1972 j 000 0 eng u
040 ## - CATALOGING SOURCE
Transcribing agency
100 1# - MAIN ENTRY--PERSONAL NAME
Personal name McLean, Gordon R.
245 10 - TITLE STATEMENT
Title God help me--I'm a parent!
250 ## - EDITION STATEMENT
Edition statement [1st ed.]
260 ## - PUBLICATION, DISTRIBUTION, ETC. (IMPRINT)
Place of publication, distribution, etc Carol Stream, IL., :
Name of publisher, distributor, etc Creation House
Date of publication, distribution, etc c1972
300 ## - PHYSICAL DESCRIPTION
Extent 109 p. ;
Dimensions 22 cm.
650 ## - SUBJECT ADDED ENTRY--TOPICAL TERM
Topical term or geographic name as entry element Adolescence
650 ## - SUBJECT ADDED ENTRY--TOPICAL TERM
Topical term or geographic name as entry element Juvenile Delinquency
650 ## - SUBJECT ADDED ENTRY--TOPICAL TERM
Topical term or geographic name as entry element Parent and Child
942 ## - ADDED ENTRY ELEMENTS (KOHA)
Source of classification or shelving scheme
Koha item type Books
Copies
Koha item type Date last seen Price effective from Lost status Source of classification or shelving scheme Barcode Permanent Location Not for loan Shelving location Full call number Damaged status Withdrawn status Copy number Date acquired
Books2010-04-142010-04-14  12603RHEMA Bible Training College General StacksHQ 796 .M242  12010-04-14